عرض عادي
عرض مارك
- Hill, Richard W.
مدخل إسم شخص
001 - رقم الضبط
- حقل الضبط: 73904
003 - معرف رقم الضبط
- حقل الضبط: OSt
005 - تاريخ ووقت أخر عملية
- حقل الضبط: 20190730183747.0
008 - عناصر بيانات ثابتة الطول
- حقل تحكم ثابت الطول: 190730|| aca||aabn | a|a d
040 ## - مصدر الفهرسة
- هيئة الفهرسة الأصلية: OSt
- وكالة الكتابة: OSt
100 ## - مدخل -- أسم شخص
- إسم شخص: Hill, Richard W.
670 ## - بيانات المصدر موجوده
- الاستشهاد بالمصدر: Work cat.: (OSt): Hill, Richard W., Animal physiology /, 2018
